Odolajte všednému Predstavujeme členov Klubu reklamných agentúr Slovenska - Creo/Young and Rubicam

Informácia o slovenskej pobočke (a jej tvorbe) filadelfskej medzinárodnej reklamnej agentúry Young and Rubicam (vznik 1923). Klienti pobočky.

Salvato in:
Dettagli Bibliografici
Autore principale: Lechnický, Milan
Natura: Capitolo di libro
Lingua:slovacco
Soggetti:
Tags: Aggiungi Tag
Nessun Tag, puoi essere il primo ad aggiungerne!!

MARC

LEADER 00000naa a2200000 4500
001 r014520
005 20221213123440.8
041 0 |a slo 
044 |a SK 
245 1 0 |a Odolajte všednému  |b Predstavujeme členov Klubu reklamných agentúr Slovenska - Creo/Young and Rubicam  |c M. Lechnický 
520 |a Informácia o slovenskej pobočke (a jej tvorbe) filadelfskej medzinárodnej reklamnej agentúry Young and Rubicam (vznik 1923). Klienti pobočky. 
610 2 0 |a Young & Rubicam 
610 2 0 |a Creo/Young and Rubicam 
610 2 0 |a reklama 
610 2 0 |a Slovensko 
100 1 |a Lechnický, Milan